Statistics for Beatles songs that never made it onto beatles albums

Click here to take the quiz!

General Stats

  • This quiz has been taken 14 times
  • The average score is 5 of 15

Answer Stats

Hint Answer % Correct
Covered by BadfingerCome and Get It
69%
George-not on the White AlbumNot Guilty
62%
Not on Abbey RoadJunk
54%
Not on Abbey RoadAll Things Must Pass
46%
Not on Abbey RoadTeddy Boy
38%
John's first songHello Little girl
31%
Covered by Billy J. KramerBad To Me
31%
SameSour Milk Sea
31%
Sung by RingoIf You've Got Trouble
23%
George's second songYou Know What To Do
15%
Covered by Marianne FaithfulGoodbye
15%
Song by PaulThat Means A Lot
15%
Instrumental12-Bar Original
15%
Part of the Decca auditionLove of the Loved
8%
Part of the Decca auditionLike Dreamers Do
0%

Score Distribution

Percentile by Number Answered

Percent of People with Each Score

Your Score History

You have not taken this quiz